000 00200nam a2200085Ia 4500
008 120527s9999 xx 000 0 und d
100 _aPalladino, J.j
245 _aAbnormal psychology 97/98
942 _cBK
999 _c27553
_d27553